Welcome to the Holygrace Academy Library

Please use search bar below to get started

SNAPPY SURPRISES (Record no. 2632)

MARC details
000 -LEADER
fixed length control field 00263nam a22001217a 4500
082 ## - DEWEY DECIMAL CLASSIFICATION NUMBER
Classification number 823
Item number BON/G
100 ## - MAIN ENTRY--AUTHOR NAME
Personal name BOND RUSKIN
245 ## - TITLE STATEMENT
Title SNAPPY SURPRISES
260 ## - PUBLICATION, DISTRIBUTION, ETC. (IMPRINT)
Place of publication DELHI
Name of publisher RUPA & CO
Year of publication 2010
300 ## - PHYSICAL DESCRIPTION
Number of Pages 169
650 ## - SUBJECT ADDED ENTRY--TOPICAL TERM
Topical Term CHILDRENS STORY BOOK
Geographic subdivision INDIA
942 ## - ADDED ENTRY ELEMENTS (KOHA)
Koha item type Books
Holdings
Withdrawn status Lost status Collection code Home library Current library Shelving location Date acquired Source of acquisition Full call number Accession Number Koha item type
    Fiction Main Library Main Library SHELF-14B -ALPHABETICAL -B--ENGLISH NOVELS & FICTIONS 17/06/2010 purchase 823 BON/G 05393 Books